000 00376nam a22001337a 4500
005 20250723122606.0
008 250723b |||||||| |||| 00| 0 eng d
020 _a9781848601437
_qPBK
082 _a500
_bBRU
100 _aPat Brunton
245 _aScience In The Early Years
_b: building firm foundations from birth to five
_cPat Brunton
300 _a191P
942 _cENGLISH
999 _c577134
_d577134